000
00297nam a2200133Ia 4500
005
20251222144639.0
008
251222s9999||||xx |||||||||||||| ||spa||
020
_a
84-345-8369-0
082
_a
580/P39
100
_a
Pelt, Jean Marie
245
0
_a
Las Plantas:
264
_b
Salvat
942
_c
LIB
999
_c
16600
_d
16600